Statistics for 清朝年号

Click here to take the quiz!

General Stats

  • This quiz has been taken 1 526 times
  • The average score is 10 of 13

Answer Stats

YEARAnswer% Correct
1736-1796乾隆
99%
1662-1723康熙
99%
1723-1736雍正
97%
1821-1851道光
87%
1796-1821嘉庆
86%
1875-1909光绪
85%
1644-1662顺治
84%
1909-1912宣统
82%
1851-1862咸丰
81%
1862-1875同治
76%
1616-1627天命
40%
1627-1636天聪
36%
1636-1644崇德
29%

Score Distribution

Percentile by Number Answered

Percent of People with Each Score

Your Score History

You have not taken this quiz